00427 2200157 4500001002100000005001500021035002000036245005600056100002100112250001700133300003400150260003300184082001200217084001800229020002200247INLIS00000000000093220250317114619 a0010-03250000281 aInformatika 4 :bSD/MI Kelas IV /cSubroto Rahardjo0 aSubroto Rahardjo acetakan ke-1 avi, 94 hlm :bilus ;c28,5 cm aJakarta :bYudhistira,c2019 a004.071 a004.071 SUB i a978-602-445-851-5